[Event "ROM-ch"]
[Site "Olanesti"]
[Date "2019.03.02"]
[Round "1"]
[White "Pop, Alexandru"]
[Black "Almasan, Calin Ovidiu"]
[Result "1/2-1/2"]
[WhiteElo "2304"]
[BlackElo "1958"]
[PlyCount "121"]
[EventDate "2019.03.02"]
[EventType "swiss"]
[EventRounds "9"]
[EventCountry "ROU"]
[SourceTitle "CBM 189 Extra"]
[Source "ChessBase"]
[SourceDate "2019.06.03"]
[SourceVersion "1"]
[SourceVersionDate "2019.06.03"]
[SourceQuality "1"]

1. d4 d5 2. Bf4 Nf6 3. e3 Bg4 4. Nf3 Nbd7 5. Nbd2 e6 6. Bd3 c5 7. c3 Be7 8. Qb1 Bh5 9. Ne5 Nxe5 10. Bxe5 Bg6 11. 0-0 cxd4 12. exd4 0-0 13. Qc2 Bd6 14. f4 Ng4 15. Rae1 b5 16. Bxg6 hxg6 17. Qd3 b4 18. Qh3 Nh6 19. Bxd6 Qxd6 20. g4 bxc3 21. bxc3 Rfc8 22. Nb3 Qa3 23. Re2 Rc4 24. Rf3 a5 25. Rc2 Rb8 26. Qg2 Rc6 27. h3 Rcb6 28. Kh2 Rb5 29. Nc5 Rb2 30. Rff2 Rb1 31. Qg3 R8b2 32. Nd3 Rxc2 33. Rxc2 Qa4 34. Qf2 Qb5 35. Qe2 a4 36. Nb4 Qb8 37. Qe5 Qc8 38. Qe2 Qc7 39. Qe5 Qc8 40. Nd3 Qc4 41. Qe2 Kf8 42. Kg2 Ng8 43. Nc5 a3 44. Qxc4 dxc4 45. Nd7+ Ke7 46. Ne5 Rb2 47. Rf2 Nf6 48. Nxc4 Rxf2+ 49. Kxf2 Ne4+ 50. Kf3 Nxc3 51. Nxa3 Nxa2 52. Nc4 Nc3 53. Ne3 Kd6 54. h4 f6 55. g5 Nb5 56. Ke4 Nc3+ 57. Kd3 Nd5 58. Nxd5 Kxd5 59. Ke3 e5 60. dxe5 fxe5 61. fxe5 1/2-1/2

[Event "ROM-chT2"]
[Site "Gilau"]
[Date "2018.10.10"]
[Round "4.6"]
[White "Almasan, Calin Ovidiu"]
[Black "Coca, Cristi Iulian"]
[Result "0-1"]
[WhiteElo "1934"]
[BlackElo "2096"]
[PlyCount "113"]
[EventDate "2018.10.07"]
[EventType "team-swiss"]
[EventRounds "9"]
[EventCountry "ROU"]
[SourceTitle "CBM 187 Extra"]
[Source "ChessBase"]
[SourceDate "2018.11.04"]
[SourceVersion "1"]
[SourceVersionDate "2018.11.04"]
[SourceQuality "1"]
[WhiteTeam "Cluj Napoca"]
[BlackTeam "Galati Smart"]
[WhiteTeamCountry "ROU"]
[BlackTeamCountry "ROU"]

1. d4 Nf6 2. f3 g6 3. e4 d6 4. Bd3 Bg7 5. Ne2 0-0 6. Be3 Nbd7 7. Qd2 c5 8. c3 cxd4 9. cxd4 e5 10. Nbc3 exd4 11. Bxd4 Ne5 12. 0-0 Nc6 13. Be3 d5 14. exd5 Nxd5 15. Nxd5 Qxd5 16. Nc3 Qa5 17. a3 Rd8 18. Rfd1 Bf5 19. Qc2 Rxd3 20. Rxd3 Ne5 21. Ne4 Bxe4 22. fxe4 Nxd3 23. Qxd3 Bxb2 24. Rb1 Be5 25. g3 Rd8 26. Qb3 Qc7 27. Bxa7 Rd7 28. Qb5 h5 29. Be3 h4 30. Rc1 Qd6 31. Bc5 Qd2 32. Rf1 hxg3 33. hxg3 Bxg3 34. Bf2 Rd3 35. Qe8+ Kg7 36. Bd4+ Rxd4 37. Rxf7+ Kh6 38. Qh8+ Kg5 39. Qf6+ Kh5 40. Qf3+ Kh6 41. Qxg3 Qd1+ 42. Rf1 Qh5 43. Qe3+ Qg5+ 44. Qxg5+ Kxg5 45. Rf7 Rxe4 46. Rxb7 Re2 47. a4 Ra2 48. Rb4 Kh5 49. Rb5+ g5 50. a5 Kh4 51. Rc5 g4 52. Rb5 Kh3 53. Rc5 Ra1+ 54. Kf2 g3+ 55. Kf3 Rf1+ 56. Ke2 g2 57. Rc7 0-1

[Event "ROM-chT2"]
[Site "Gilau"]
[Date "2018.10.09"]
[Round "3.6"]
[White "Ardelean, Rusalim Pavel"]
[Black "Almasan, Calin Ovidiu"]
[Result "0-1"]
[WhiteElo "1698"]
[BlackElo "1934"]
[PlyCount "63"]
[EventDate "2018.10.07"]
[EventType "team-swiss"]
[EventRounds "9"]
[EventCountry "ROU"]
[SourceTitle "CBM 187 Extra"]
[Source "ChessBase"]
[SourceDate "2018.11.04"]
[SourceVersion "1"]
[SourceVersionDate "2018.11.04"]
[SourceQuality "1"]
[WhiteTeam "Arad"]
[BlackTeam "Cluj Napoca"]
[WhiteTeamCountry "ROU"]
[BlackTeamCountry "ROU"]

1. e4 e6 2. Nc3 d5 3. exd5 exd5 4. d4 Nf6 5. Bd3 c5 6. Nf3 Nc6 7. dxc5 Bxc5 8. 0-0 h6 9. Re1+ Be6 10. Na4 Bd6 11. Bf5 Qd7 12. Nc3 0-0 13. Bxe6 fxe6 14. Nb5 Bc5 15. c3 a6 16. Nbd4 Rae8 17. Nb3 Bd6 18. Be3 Qe7 19. Qd2 Ng4 20. Bb6 Rxf3 21. h3 Nge5 22. Qe2 Qg5 23. Be3 Qg6 24. Kf1 Rf7 25. Nd2 Ref8 26. f3 Nd3 27. Reb1 Nce5 28. b4 Nf4 29. Bxf4 Rxf4 30. a3 Qd3 31. Rc1 Qxe2+ 32. Kxe2 0-1

[Event "ROM-chT2"]
[Site "Gilau"]
[Date "2018.10.07"]
[Round "1.6"]
[White "Ferentiu, Raul Florin"]
[Black "Almasan, Calin Ovidiu"]
[Result "0-1"]
[WhiteElo "1549"]
[BlackElo "1934"]
[PlyCount "82"]
[EventDate "2018.10.07"]
[EventType "team-swiss"]
[EventRounds "9"]
[EventCountry "ROU"]
[SourceTitle "CBM 187 Extra"]
[Source "ChessBase"]
[SourceDate "2018.11.04"]
[SourceVersion "1"]
[SourceVersionDate "2018.11.04"]
[SourceQuality "1"]
[WhiteTeam "Cluj Viitorul"]
[BlackTeam "Cluj Napoca"]
[WhiteTeamCountry "ROU"]
[BlackTeamCountry "ROU"]

1. e4 e6 2. d4 d5 3. e5 c5 4. c3 Nc6 5. Nf3 Bd7 6. Be3 Qb6 7. Qb3 Qxb3 8. axb3 cxd4 9. Bxd4 f6 10. Nbd2 Nxd4 11. cxd4 Bb4 12. Bd3 Ne7 13. Rc1 Nc6 14. Ke2 a6 15. Nf1 0-0 16. Ne3 Rac8 17. Rhd1 Ba5 18. Bb1 Bc7 19. exf6 gxf6 20. h3 Bd6 21. Ng4 Kg7 22. Rc3 Bb4 23. Re3 Na5 24. Nh4 Bb5+ 25. Kf3 Rfe8 26. Nh2 Bd6 27. Nf1 Kh6 28. g4 Kg5 29. Ng2 e5 30. dxe5 fxe5 31. Ng3 Bc6 32. Bf5 Rcd8 33. h4+ Kf6 34. g5+ Kg7 35. Kg4 d4 36. Re4 Nxb3 37. Nh5+ Kh8 38. Nf6 Rf8 39. h5 Nc5 40. f3 Nxe4 41. fxe4 Be7 0-1

[Event "ROM-chT Div-A"]
[Site "Slanic Moldova"]
[Date "2011.10.04"]
[Round "2"]
[White "Almasan, Calin Ovidiu"]
[Black "Adam, Ioan"]
[Result "0-1"]
[WhiteElo "2068"]
[BlackElo "2058"]
[PlyCount "80"]
[EventDate "2011.10.03"]
[EventType "team-tourn"]
[EventRounds "9"]
[EventCountry "ROU"]
[SourceTitle "CBM 144 Extra"]
[Source "ChessBase"]
[SourceDate "2011.10.28"]
[SourceVersion "1"]
[SourceVersionDate "2011.10.28"]
[SourceQuality "1"]

1. e4 e5 2. Nc3 Nc6 3. Bc4 Nf6 4. d3 Na5 5. Bb5 a6 6. Ba4 b5 7. Bb3 Nxb3 8. axb3 Bb7 9. f4 d6 10. Nf3 exf4 11. Bxf4 Be7 12. 0-0 0-0 13. Ne2 Nh5 14. Qd2 Nxf4 15. Qxf4 g6 16. Ng3 Qd7 17. Ng5 f6 18. Nf3 c5 19. Rae1 Rae8 20. c4 Bd8 21. Qd2 Bc6 22. h4 Qg4 23. Qf2 f5 24. Nh2 Qxh4 25. exf5 Bf6 26. Rxe8 Rxe8 27. Qf4 Qxf4 28. Rxf4 Be5 29. Rg4 Bxg3 30. Nf3 Bxf3 31. gxf3 Re1+ 32. Kg2 Be5 33. fxg6 hxg6 34. f4 Bf6 35. Kf3 Kf7 36. cxb5 axb5 37. b4 Rb1 38. bxc5 dxc5 39. Ke4 Rxb2 40. Rg1 Rc2 0-1